00804cam a2200205 a 450000100100000000500170001000800410002702000150006802000180008304000250010108200130012610000370013924500350017626000510021130000210026250000700028395201110035395201170046499900170058100002075020240301123914.0900906s2015 dr 000 0 spa d z2070250172 a9789945588651 aDO-SdBNPbspacBNPHU axxxbxxx1 aPérez, Ana Rosa,d1956-94350710aAlejandro /cAna Rosa Pérez. aSanto Domingo :bEdiciones Rumbo Norte,c2015. a297 p. ;c25 cm. aIncluye datos biográficos del autor en la solapa de la cubierta 0010718PDaPDbPDcHDd2017-05-03iLF1l0oxxx xxxp20750-10r2020-06-25w2020-06-25yLFPDZNo se presta 0010718PDaPDbPDcCTd2017-05-03iLF1l0oxxx xxxp20750-20r2020-06-25te. 2w2020-06-25yLFPDZNo se presta c20254d20254